Państwa graniczące z Burkina faso - Statystyki

Ogólne statystyki
  • Ten quiz został rozwiązany 8 razy
  • Średni wynik to 5 z 6
Statystyki odpowiedzi
Kraj % Poprawnych
Ghana
100%
Wybrzeże Kości Słoniowej
88%
Mali
88%
Niger
88%
Togo
88%
Benin
63%
Nie znaleziono quizów pasujących do podanych kryteriów
Rozkład punktacji
Procent ludzi z każdym wynikiem
Percentyl według liczby udzielonych odpowiedzi
Twoja historia wyników
Nie rozwiązałeś tego quizu